000 00320nam a22001453 4500
001 206883
005 20250721130839.0
090 _a206883
100 _a20250721 ukry50
101 _aukr
102 _aUA
200 _a
210 _d2025
801 _2unimarc
_aUA
_gpsbo
942 _cJOURNAL